Statistiken für Kader SC Magdeburg 2023/2024

Klicken Sie hier um das Quiz zu spielen!

Allgemein

  • Dieses Quiz wurde 39 mal gespielt
    (37 seit der letzten Aktualisierung)
  • Das Durchschnittsergebnis liegt bei 16 aus 19

Antwortstatistiken

NummerName% Korrekt
TrainerBennet Wiegert
94%
11Daniel Pettersson
94%
6Matthias Musche
94%
14Omar Ingi Magnusson
94%
54Oscar Bergendahl
94%
7Felix Claar
88%
10Gisli Kristjansson
88%
80Nikola Portner
88%
20Philipp Weber
88%
1Sergey Hernandez
88%
24Christian O'Sullivan
82%
13Janus Smarason
82%
22Lukas Mertens
82%
34Michael Damgaard
82%
23Magnus Saugstrup
76%
21Albin Lagergren
71%
17Tim Hornke
71%
3Piotr Chrapkowski
59%
2Lucas Meister
53%

Verteilung der Resultate

Perzentil nach korrekt beantworteten Fragen

Anzahl Personen mit jedem Resultat

Ihre Resultats-Entwicklung

Sie haben dieses Quiz seit der letzten Aktualisierung nicht gespielt